Nuevo régimen penal tributario (Registro nro. 1331)

Detalles MARC
000 -LEADER
fixed length control field 01026 a2200229 4500
001 - CONTROL NUMBER
control field 25223
005 - DATE AND TIME OF LATEST TRANSACTION
control field 20260407155536.0
008 - FIXED-LENGTH DATA ELEMENTS--GENERAL INFORMATION
fixed length control field 260407a1997 arg spa d
003 - CONTROL NUMBER IDENTIFIER
control field AR-UNSa-BCEJYS
040 ## - CATALOGING SOURCE
Original cataloging agency AR-UNSa-BCEJYS
Language of cataloging spa
Transcribing agency AR-UNSa-BCEJYS
080 ## - UNIVERSAL DECIMAL CLASSIFICATION NUMBER
Universal Decimal Classification number 343.359
Common auxiliary subdivision Delitos contra el fisco y otras autoridades administrativas (Derecho Penal Tributario, Delitos fiscales)
020 ## - INTERNATIONAL STANDARD BOOK NUMBER
International Standard Book Number 950-739-496-6
100 1# - MAIN ENTRY--PERSONAL NAME
Personal name Verón, Alberto Víctor
245 10 - TITLE STATEMENT
Title Nuevo régimen penal tributario
Name of part/section of a work Ley 24.769
264 #1 - PRODUCTION, PUBLICATION, DISTRIBUTION, MANUFACTURE, AND COPYRIGHT NOTICE
Place of production, publication, distribution, manufacture Buenos Aires :
Name of producer, publisher, distributor, manufacturer Errepar
Date of production, publication, distribution, manufacture, or copyright notice 1997
300 ## - PHYSICAL DESCRIPTION
Extent 110 p.
Dimensions 19 cm.
505 ## - FORMATTED CONTENTS NOTE
Formatted contents note 1. Antecedentes y conceptos generales - 2. Delitos Tributarios - 3. Delitos relativos a los recursos de la seguridad social - 4. Delitos comunes(tributario y de la seguridad social) - 5. Situaciones particulares - 6. Regimen procesal de la ley 24.769 - 7. Aplicación del código procesal penal de la nación.
590 ## - LOCAL NOTE (RLIN)
Local note niveau_biblio:m niveau_hierar:0
650 ## - SUBJECT ADDED ENTRY--TOPICAL TERM
Topical term or geographic name entry element Ley Nº 24.769
650 ## - SUBJECT ADDED ENTRY--TOPICAL TERM
Topical term or geographic name entry element ley nº 24 769
942 ## - ADDED ENTRY ELEMENTS (KOHA)
Koha item type
Existencias
Withdrawn status Lost status Damaged status Not for loan Home library Current library Shelving location Date acquired Total checkouts Full call number Barcode Date last seen Price effective from Koha item type
        Biblioteca Prof. Eusebio Cleto del Rey Biblioteca Prof. Eusebio Cleto del Rey   07/04/2026   343.359 V547 L86140 07/04/2026 07/04/2026 Libro
        Biblioteca Prof. Eusebio Cleto del Rey Biblioteca Prof. Eusebio Cleto del Rey   07/04/2026   343.359 V547 L86141 07/04/2026 07/04/2026 Libro